[Event "USA-ch Junior Girls 2018"]
[Site "Saint Louis"]
[Date "2018.07.14"]
[Round "3"]
[White "Vittal, Sanjana"]
[Black "Yu, Jennifer"]
[Result "0-1"]
[WhiteElo "1947"]
[BlackElo "2358"]
[Annotator "TA"]
[PlyCount "96"]
[EventDate "2018.07.12"]
[EventType "tourn"]
[EventCountry "USA"]
[SourceTitle "playchess.com"]
[Source "ChessBase"]
[SourceQuality "1"]

{[%evp 19,96,-41,18,7,41,45,83,83,108,60,76,-41,-61,-155,-160,-153,-150,-170,-159,-106,-135,-118,110,-405,-419,-381,-268,-264,-258,-357,-347,-339,-338,-339,-210,-323,-329,-270,-268,-272,-258,-255,-226,-221,-189,-201,-100,-128,-64,-62,-33,-63,-70,-85,-77,-103,-75,-137,-140,-136,-122,-129,-120,-176,-145,-216,-187,-274,-274,-323,-338,-504,-486,-810,-711,-799,-781,-1393,-1376]} 1. d4 d5 2. Bf4 Nf6 3. Nf3 e6 4. e3 Bd6 5. Nbd2 O-O 6. Bg3 c5 7. c3 Nc6 8. Bd3 b6 9. e4 {D02: 1 d4 d5 2 Nf3 sidelines, including 2...Nf6 3 g3 and 2...Nf6 3 Bf4} Be7 10. e5 Nd7 {LiveBook: 4 Games} (10... Nh5 $1 $15) (10... Nh5 11. Nf1 cxd4 12. Nxd4 Nxd4 13. cxd4 g6 14. Ne3 f5 15. exf6 Bxf6 16. Be2 Nxg3 17. hxg3 {½-½ (37) Nakamura,H (2787)-Svidler,P (2760) Moscow 2018}) 11. h4 {Threatening Bxh7+!The position is equal.} f5 $146 ({Predecessor:} 11... h6 12. a3 a5 13. Qe2 Bb7 14. Bf4 Re8 15. Rh3 f5 16. Qe3 Bf8 {1-0 (41) Papadopoulos,G (2301)-Tilicheev,V (2513) Athens 2018}) 12. exf6 Rxf6 13. Qe2 cxd4 14. cxd4 Nb4 {[#]} 15. Bb1 ({White should try} 15. O-O $1 $16) 15... Ba6 $15 16. Qe3 (16. Qd1 $15) 16... Rc8 $17 {[%cal Rc8c1]} 17. Kd1 {[#]} e5 $1 {[%mdl 512]} 18. Nxe5 (18. dxe5 Rfc6) 18... Nxe5 19. Bxe5 Rfc6 $40 {[%csl Gc8][%cal Rc6c1][%mdl 128] Black wants a kill.} 20. Bf5 Bf8 $2 (20... g6 $17 21. Qg3 Qf8 22. Bxc8 Qxc8) 21. Bxc8 $4 {[%mdl 8192]} (21. Qf3 $16 {stays on course.}) 21... Qxc8 $19 22. Qh3 {Threatens to win with Qxc8.} Nd3 23. Qxc8 Rxc8 24. Rh2 Nxf2+ 25. Ke1 Nd3+ 26. Kd1 Nxb2+ 27. Ke1 Bb4 28. g3 Bc3 29. Rb1 Rf8 {[%csl Ga6][%cal Rf8f1]} 30. Bf4 Nd3+ 31. Kd1 Nxf4 32. gxf4 Bxd4 ({Don't do} 32... Rxf4 33. Rb3 $17) (32... Bc8 $19 {and Black stays clearly on top.} 33. Rb5 Be6) 33. Rb4 $17 Bc3 (33... Rxf4 $17 {aiming for ...Bc8.} 34. Ra4 Bc8 35. Rxa7 Bg4+ 36. Kc2 Bf5+ 37. Kc1 Be3) 34. Ra4 $15 Bb5 35. Rxa7 Rxf4 36. Rh3 Bf6 37. h5 h6 38. Kc1 (38. Rb7 $142) 38... Bg5 39. Rh2 Bd3 40. Kb2 Bf6+ 41. Kc1 (41. Kb3 $17) 41... Bf5 42. Re2 (42. Ra3 $17) 42... Bg4 43. Re8+ (43. Rh2 $142) 43... Kh7 $19 44. Rb7 Bxh5 45. Re6 (45. Rf8 $142) 45... Bg5 {Black is clearly winning.} 46. Rc7 (46. Re5 $142 Rf1+ 47. Kb2) 46... Rf1+ 47. Kc2 Rf2 48. Rxb6 Bxd2 {Precision: White = 32%, Black = 57%.} 0-1

[Event "USA-ch Junior Girls 2018"]
[Site "Saint Louis"]
[Date "2018.07.15"]
[Round "4"]
[White "Yip, Carissa"]
[Black "Cervantes Landeiro, Thalia"]
[Result "1-0"]
[WhiteElo "2364"]
[BlackElo "2208"]
[Annotator "TA"]
[PlyCount "75"]
[EventDate "2018.07.12"]
[EventType "tourn"]
[EventCountry "USA"]
[SourceTitle "playchess.com"]
[Source "ChessBase"]
[SourceQuality "1"]

{[%evp 15,75,-11,-10,-43,-20,-45,-15,-47,-3,-37,-29,-34,-31,-41,-27,-37,-30,-53,-40,-47,-39,-51,-25,-27,-17,-30,-27,-27,16,-29,106,95,89,103,120,112,340,366,345,364,357,364,460,473,452,453,453,457,518,337,589,507,682,683,697,692,874,909,954,920,868,852]} 1. Nf3 {Mokal,P} d5 2. c4 d4 3. g3 c5 4. Bg2 Nc6 5. O-O e5 6. d3 Bd6 7. e3 Nf6 {A09: Réti Opening: 1 Nf3 d5 2 c4} 8. exd4 cxd4 {LiveBook: 21 Games} 9. Bd2 $146 ({Predecessor:} 9. Bg5 h6 10. Bxf6 Qxf6 11. Nbd2 Bc7 12. Qa4 O-O 13. b4 Bf5 14. Qb3 Rab8 15. Rfe1 {1-0 (30) Caruana,F (2810)-Buhmann,R (2653) Dortmund 2016 CBM 174 [Mokal,P]}) 9... a5 {Black is slightly better.} 10. Na3 O-O 11. Nb5 Bb8 12. b3 Bf5 13. Qc2 h6 14. a3 Qd7 15. Rad1 Rc8 16. Qb1 a4 17. Rfe1 Bg4 18. Rc1 Qf5 19. Nh4 Qh7 20. Bb4 g5 21. Nf3 $1 Bf5 ({Much weaker is} 21... Nxb4 $6 22. axb4 Qf5 23. Nfxd4 $1 $14 {[%mdl 512]}) 22. Rcd1 Nxb4 (22... Rd8 $11 {remains equal.}) 23. axb4 $16 Nd7 24. bxa4 Rxa4 {Threatens to win with ...Rxc4!} 25. Qb3 Ra6 $2 {[#]} (25... Ra8 $16) 26. Nfxd4 $1 $18 {[%mdl 512]} exd4 27. Bxb7 Ne5 28. Bxa6 Nf3+ 29. Kg2 Nxe1+ 30. Rxe1 Rd8 {[#]} 31. Nxd4 $1 {[%mdl 512]} Bxd3 (31... Rxd4 32. Re8+) 32. Nc6 Rf8 $2 (32... Be4+ {is a better defense.} 33. Rxe4 Qxe4+ 34. Qf3 Qxf3+ 35. Kxf3 Rd3+ 36. Ke4 Rb3 37. Nxb8 Rxb4) 33. Ne7+ {White is clearly winning.} Kg7 34. Bb7 f6 35. Bd5 Be5 36. Nc6 Qf5 37. b5 h5 38. Nb4 {Precision: White = 54%, Black = 29%.} 1-0

[Event "USA-ch Junior Girls 2018"]
[Site "Saint Louis"]
[Date "2018.07.15"]
[Round "4"]
[White "Yu, Jennifer"]
[Black "Nguyen, Emily"]
[Result "1-0"]
[WhiteElo "2358"]
[BlackElo "2215"]
[Annotator "TA"]
[PlyCount "81"]
[EventDate "2018.07.12"]
[EventType "tourn"]
[EventCountry "USA"]
[SourceTitle "playchess.com"]
[Source "ChessBase"]
[SourceQuality "1"]

{[%evp 20,81,33,20,57,53,55,66,66,65,62,70,64,62,71,65,70,48,89,54,65,49,94,83,133,128,156,157,206,202,199,186,184,167,181,188,248,253,230,192,241,224,268,282,266,261,338,337,404,391,430,423,431,419,414,414,477,502,486,477,534,513,503,474]} 1. d4 d5 2. c4 c6 3. Nf3 Nf6 4. e3 Bg4 5. h3 Bxf3 6. Qxf3 e6 7. Nc3 Bb4 {D11: Slav Defence: 3 Nf3 sidelines and 3...Nf6 4 e3 Bg4} (7... Nbd7 8. Bd3 Bb4 9. O-O O-O 10. Qd1 Re8 11. Bd2 dxc4 12. Bxc4 Qe7 13. a3 Bd6 14. Qc2 Rad8 15. Rfd1 h5 16. b4 h4 {0-1 (35) So,W (2815)-Carlsen,M (2832) chess.com INT 2017}) 8. Bd2 Nbd7 {[%cal Bb8d7,Bd7b6,Bb6c4][%mdl 32]} 9. Bd3 O-O 10. cxd5 cxd5 11. a3 {LiveBook: 7 Games} Bxc3 12. Bxc3 Re8 13. O-O Nb6 $146 ({Predecessor:} 13... e5 14. dxe5 Nxe5 15. Qf5 g6 {1-0 (42) Khademalsharieh,S (2437)-Zahedifar,A (2055) Teheran 2017}) 14. Rfc1 Rc8 15. g4 Nc4 16. Qe2 Ne4 17. Be1 {[#] Black must now prevent Bxe4.} Ned6 18. b3 Nb6 19. f3 Nd7 20. Rxc8 Qxc8 21. Bg3 Qc3 {[#]} 22. Ra2 $1 $36 {[%mdl 2048] Black is under strong pressure.} e5 23. Qc2 Qxc2 24. Rxc2 e4 25. Bxe4 Nxe4 26. fxe4 dxe4 $18 {[%mdl 4096] Endgame KRB-KRN} 27. Rc7 Nb6 (27... Nf6 $142 28. Rxb7 a6) 28. Rxb7 Nd5 29. Bf2 a6 30. Ra7 h5 31. Rxa6 ({Don't take} 31. gxh5 Re6 $18) 31... hxg4 32. hxg4 {[%cal Bh3g4,Bg4g5][%mdl 32]} Rc8 33. Ra5 Nf6 34. Rc5 Ra8 35. g5 Nd7 36. Rd5 Nf8 37. a4 Rb8 38. Bg3 {White is clearly winning.} Ra8 39. Re5 Ne6 40. d5 {[%cal Bd4d5,Bd5d6][%mdl 32]} Nc5 41. d6 {Precision: White = 75%, Black = 46%.} 1-0

[Event "USA-ch Junior Girls 2018"]
[Site "Saint Louis"]
[Date "2018.07.15"]
[Round "4"]
[White "Feng, Maggie"]
[Black "Morris-Suzuki, Sophie"]
[Result "1-0"]
[WhiteElo "2236"]
[BlackElo "1980"]
[Annotator "TA"]
[PlyCount "113"]
[EventDate "2018.07.12"]
[EventType "tourn"]
[EventCountry "USA"]
[SourceTitle "playchess.com"]
[Source "ChessBase"]
[SourceQuality "1"]

{[%evp 18,113,36,18,31,25,21,12,23,0,12,0,57,52,52,34,30,8,11,10,62,47,95,90,90,93,104,108,89,110,106,19,21,21,25,16,27,0,13,0,18,0,11,0,94,110,113,104,325,321,326,320,307,303,318,308,294,268,1911,1705,1687,995,1527,1504,1468,1338,2200,1839,2991,2002,5925,29944,5522,5302,2593,1950,29976,29970,29979,29981,29980,29982,29988,29980,29979,29980,29986,29987,29990,29988,29991,29986,29986,29987,29987,29988,29988,29989]} 1. Nf3 d5 2. g3 Nf6 3. Bg2 e6 4. O-O c5 5. c4 dxc4 6. Na3 Be7 7. Nxc4 Nc6 8. b3 O-O 9. Bb2 Qc7 {A13: English Opening: 1...e6} (9... Bd7 10. d4 cxd4 11. Nxd4 Rc8 12. Nb5 a6 13. Nbd6 Rc7 14. Rc1 Qb8 15. e4 b5 16. e5 Nd5 17. Bxd5 exd5 {1-0 (31) Wei,Y (2743)-Yu,Y (2751) Shenzhen 2017}) 10. Rc1 {LiveBook: 7 Games} b5 11. Nce5 Bb7 {White has an edge.} 12. Nxc6 Bxc6 13. d4 Rad8 $146 ({Predecessor:} 13... Qb6 14. dxc5 Bxc5 15. Qc2 Bxf3 16. Bxf3 Rac8 17. e3 {½-½ (47) Sunye Neto,J (2480)-Diaz,J (2365) Havana 1986}) 14. Qe1 {[#]} Qb6 (14... c4 $1 $11 {[%mdl 512]}) 15. dxc5 $14 Bxc5 16. Qc3 $36 {[%mdl 2048] Black is under pressure.} Bxf3 17. Qxf3 Bd4 18. Bxd4 Qxd4 (18... Rxd4 $11 19. Rcd1 Rxd1 20. Rxd1 Qa5) 19. Qb7 Qe5 20. Qxa7 Qxe2 21. a4 Nd5 22. Qc5 bxa4 23. bxa4 Qa6 24. Qa3 (24. a5 $16) 24... Ra8 $1 $11 25. Ra1 Qa5 $1 26. Rfc1 Rac8 27. Bf1 g6 28. Qb2 h5 29. h4 Rfd8 30. Qb5 Qd2 {[#]} (30... Ra8 $11 {remains equal.}) 31. Rd1 $1 $16 {[%cal Rd1d2]} Qc3 32. a5 Ne3 $2 (32... Rc5 $16 33. Qd3 Ra8) 33. fxe3 $18 Qxe3+ 34. Kh2 Rc2+ 35. Bg2 Rxd1 36. Rxd1 Qf3 {[%csl Gc2][%cal Rf3g2]} 37. Rg1 Qa3 $2 (37... Ra2 38. a6 Qa8) 38. a6 Ra2 39. Qe8+ Kg7 40. Rf1 Qf8 41. Qc6 Qe7 42. Qb7 Kf8 43. Rd1 g5 44. Rd7 Qe8 45. a7 Kg7 46. Rc7 gxh4 47. a8=Q {White mates.} hxg3+ 48. Kxg3 Rxa8 49. Qxa8 Qb5 50. Qe4 Qg5+ 51. Kh3 e5 52. Rc3 Kh6 53. Rf3 f6 54. Qf5 Qxf5+ 55. Rxf5 Kg6 56. Be4 Kg7 57. Rxh5 {Precision: White = 52%, Black = 35%.} 1-0

[Event "USA-ch Junior Girls 2018"]
[Site "Saint Louis"]
[Date "2018.07.15"]
[Round "4"]
[White "Wu, Rochelle"]
[Black "Vittal, Sanjana"]
[Result "1/2-1/2"]
[WhiteElo "2110"]
[BlackElo "1947"]
[Annotator "TA"]
[PlyCount "60"]
[EventDate "2018.07.12"]
[EventType "tourn"]
[EventCountry "USA"]
[SourceTitle "playchess.com"]
[Source "ChessBase"]
[SourceQuality "1"]

{[%evp 26,60,9,-44,-6,-47,0,0,0,0,0,0,0,0,0,0,0,-25,22,17,37,0,66,-50,-73,-120,-22,-97,-75,-120,-121,-126,-120,-168,-137,-141,-134]} 1. e4 e5 2. Nf3 Nc6 3. Bb5 a6 4. Ba4 Nf6 5. O-O d6 6. c3 Bd7 7. Re1 g6 8. d4 b5 9. Bb3 Bg7 10. Nbd2 {C79: Ruy Lopez: Steinitz-type lines with 3...a6 4 Ba4 Nf6 5 0-0 d6} (10. a4 O-O 11. h3 Re8 12. d5 Na5 13. Bc2 c6 14. b4 Nc4 15. dxc6 Bxc6 16. Nbd2 Nxd2 17. Bxd2 d5 18. axb5 axb5 19. Rxa8 Qxa8 20. exd5 Bxd5 {1-0 (29) Ni,H (2671)-Safarli,E (2639) Riadh 2017}) 10... O-O 11. Nf1 exd4 12. cxd4 Bg4 13. Be3 Na5 14. Bc2 {LiveBook: 3 Games} (14. h3 $11 Bxf3 15. Qxf3) 14... Nc4 15. Bc1 {[#]} Nh5 $146 ({Predecessor:} 15... c5 16. d5 Nd7 {0-1 (44) Alekseenko,K (2563)-Triapishko,O (2508) Sochi 2017}) 16. b3 Bxf3 17. gxf3 Nb6 18. Ng3 Qh4 19. Nxh5 Qxh5 20. f4 Qh4 21. e5 Rfe8 22. Qf3 f6 {[%cal Rf6e5]} 23. Bb2 f5 ({Black should try} 23... fxe5 $11 24. fxe5 Rad8) 24. Rac1 (24. Qg3 $14 Qe7 25. Bd1) 24... Bh6 $15 25. Bb1 Rac8 (25... dxe5 $17 26. fxe5 Bxc1 27. Rxc1 Qg5+ 28. Kf1 Rad8 29. Rxc7 Nd5) 26. h3 (26. Qg3 $11 Qxf4 27. Rc6) 26... Qxf4 $17 27. Qxf4 Bxf4 28. Rc6 {[#]} Kf7 $1 29. Kf1 Re6 30. Bc1 Bxc1 {Precision: White = 25%, Black = 38%.} 1/2-1/2

[Event "USA-ch Junior Girls 2018"]
[Site "Saint Louis"]
[Date "2018.07.15"]
[Round "4"]
[White "Samadashvili, Martha"]
[Black "Matus, Nastassja"]
[Result "1-0"]
[WhiteElo "2040"]
[BlackElo "1960"]
[Annotator "NA RC"]
[PlyCount "99"]
[EventDate "2018.07.12"]
[EventType "tourn"]
[EventCountry "USA"]
[SourceTitle "playchess.com"]
[Source "ChessBase"]
[SourceQuality "1"]
[TimeControl "40/5400+30:1800+30"]

{[%evp 33,87,-62,-48,-52,-63,-60,-44,-61,-71,-72,-67,-64,-45,-48,-16,-22,4970,12832,2016,12838,2145,12840,1848,599,619,532,545,560,548,536,403,585,641,688,700,794,719,814,718,910,1091,1148,806,891,809,1211,1030,5006,1001,6168,1575,29972,29978,29982,29983,29985]} 1. e4 {[%emt 0:00:00]} c5 {[%emt 0:00:00]} 2. Nf3 {[%emt 0:00:00]} d6 {[%emt 0:00:00]} 3. Bb5+ {[%emt 0:00:00]} Bd7 {[%emt 0:04:45]} 4. Bxd7+ {[%emt 0:00:02]} Qxd7 {[%emt 0:02:36]} 5. c4 {[%emt 0:01:15]} Nc6 {[%emt 0:03:12]} 6. O-O {[%emt 0:03:14]} g6 {[%emt 0:02:25]} 7. d4 {[%emt 0:03:19]} cxd4 {[%emt 0:01:37]} 8. Nxd4 {[%emt 0:00:04]} Bg7 {[%emt 0:00:46]} 9. Be3 {[%emt 0:00:40]} Nf6 {[%emt 0:02:47]} 10. f3 {[%emt 0:00:41]} O-O {[%emt 0:01:59]} 11. Nc3 {[%emt 0:00:10]} Rac8 {[%emt 0:04:51]} 12. Rc1 {[%emt 0:00:31] B52: Sicilian: Moscow Variation with 3...Bd7} (12. b3 a6 13. a4 e6 14. Rc1 Rfd8 15. Kh1 d5 16. exd5 exd5 17. c5 Re8 18. Bf2 Ne5 19. Nce2 Bh6 20. Rc2 Bf8 21. Bh4 {0-1 (30) Hansen,E (2573)-Jones,G (2623) Berlin 2015}) 12... Nxd4 {[%emt 0:06:38]} 13. Bxd4 {[%emt 0:02:17]} Rxc4 {[%emt 0:02:27]} 14. Bxa7 {[%emt 0:02:21]} Bh6 $146 {[%emt 0:10:27]} ({Predecessor:} 14... b5 15. Be3 b4 16. Qb3 Rfc8 17. Ne2 Qb5 18. Qd3 Qc6 19. Rxc4 Qxc4 20. Qxc4 Rxc4 {1-0 (41) Fendrik,L (2244)-Kosztolanczi,G (2183) Hungary 2006}) 15. Rb1 {[%emt 0:01:23]} Rfc8 {[%emt 0:14:20]} 16. Qd3 {[%emt 0:13:33]} b5 {[%emt 0:05:54]} 17. Be3 {[%emt 0:14:20]} Bxe3+ {[%emt 0:11:26]} 18. Qxe3 {[%emt 0:00:06]} b4 {[%emt 0:01:00]} 19. Ne2 {[%emt 0:13:21]} Qb7 {[%emt 0:06:16]} 20. Rfc1 {[%emt 0:07:49]} Qa6 {[%emt 0:04:07]} 21. Rxc4 {[%emt 0:04:55]} Rxc4 {[%emt 0:00:25]} 22. a3 {[%emt 0:00:26]} bxa3 {[%emt 0:02:05]} 23. bxa3 {[%emt 0:00:27]} Rc2 {[%emt 0:00:50]} 24. Nd4 {[%emt 0:02:49]} Ra2 $2 {[%emt 0:00:57]} (24... Rc8 $11) 25. Rb8+ {[%emt 0:01:34]} Ne8 {[%emt 0:01:13]} 26. Rxe8+ {[%emt 0:00:58]} Kg7 {[%emt 0:00:02] [#]} 27. Nf5+ $1 {[%emt 0:01:12]} Kf6 {[%emt 0:00:12]} 28. Qd4+ {[%emt 0:03:02]} e5 {[%emt 0:02:06]} 29. Qxd6+ {[%emt 0:00:57]} Qxd6 {[%emt 0:00:08]} 30. Nxd6 {[%emt 0:00:05]} Rxa3 {[%emt 0:00:14]} 31. Nc4 {[%emt 0:00:06]} Ra1+ {[%emt 0:01:07]} 32. Kf2 {[%emt 0:00:05]} Kg5 {[%emt 0:01:01]} 33. Rxe5+ {[%emt 0:00:34]} f5 {[%emt 0:00:55]} 34. exf5 {[%emt 0:00:31]} Ra2+ {[%emt 0:00:27]} 35. Kg3 {[%emt 0:00:17]} gxf5 {[%emt 0:00:25]} 36. Ne3 {[%emt 0:00:16]} Re2 {[%emt 0:01:13]} 37. Rxf5+ {[%emt 0:00:28]} Kg6 {[%emt 0:00:10]} 38. Re5 {[%emt 0:00:18]} Ra2 {[%emt 0:00:37]} 39. Kf4 {[%emt 0:00:32]} Ra4+ {[%emt 0:00:31]} 40. Re4 {[%emt 0:00:00]} Ra5 {[%emt 0:00:00]} 41. g4 {[%emt 0:00:13]} Rb5 {[%emt 0:00:51]} 42. h4 {[%emt 0:00:15]} Ra5 {[%emt 0:00:17]} 43. h5+ {[%emt 0:00:18]} Kf6 {[%emt 0:00:24] [#]} 44. g5+ {[%emt 0:00:43]} Kf7 {[%emt 0:00:28]} 45. Ng4 {[%emt 0:00:07]} Rb5 {[%emt 0:00:21]} 46. Ra4 {[%emt 0:00:18]} Rb7 {[%emt 0:00:37]} 47. Ne5+ {[%emt 0:00:04]} Ke7 {[%emt 0:00:16]} 48. Kf5 {[%emt 0:00:04]} Rc7 {[%emt 0:00:21]} 49. g6 {[%emt 0:00:31]} Kf8 {[%emt 0:00:31]} 50. h6 {[%emt 0:00:35]} 1-0

[Event "USA-ch Junior Girls 2018"]
[Site "Saint Louis"]
[Date "2018.07.16"]
[Round "5"]
[White "Nguyen, Emily"]
[Black "Wu, Rochelle"]
[Result "1/2-1/2"]
[WhiteElo "2215"]
[BlackElo "2110"]
[Annotator "TA"]
[PlyCount "111"]
[EventDate "2018.07.12"]
[EventType "tourn"]
[EventCountry "USA"]
[SourceTitle "playchess.com"]
[Source "ChessBase"]
[SourceQuality "1"]

{[%evp 21,111,8,23,0,10,6,16,0,26,22,41,-45,25,22,41,10,16,6,7,5,18,14,57,56,70,61,66,75,54,73,72,0,8,0,138,141,200,203,202,195,320,138,146,130,138,143,158,74,70,0,0,0,-5,0,20,0,15,15,16,16,16,0,16,15,27,15,48,0,14,0,50,12,12,4,6,0,0,0,0,0,0,0,0,0,0,-5,-5,-14,-14,-14,-16,-21]} 1. d4 d5 2. c4 c6 3. Nf3 Nf6 4. Nc3 e6 5. e3 a6 6. c5 Nbd7 7. Qc2 {D45: Semi-Slav: 5 e3} g6 (7... Be7 8. Bd3 O-O 9. O-O Qc7 10. Na4 h6 11. b4 e5 12. Nxe5 Nxe5 13. dxe5 Qxe5 14. Bb2 Qc7 {1-0 (25) Le,Q (2737)-Eljanov,P (2711) Riadh 2017}) 8. b4 Bg7 9. Bb2 O-O 10. Be2 Qc7 11. O-O e5 {LiveBook: 4 Games} 12. dxe5 Nxe5 13. Nxe5 Qxe5 14. Nb5 Qe7 {[#] Hoping for ...Bf5.} 15. Nd4 $146 ({Predecessor:} 15. Nd6 Ne8 16. Nxe8 Rxe8 17. Bd3 Bxb2 18. Qxb2 Be6 19. Rfe1 {½-½ (19) Dunis,A (2510)-Malakhatko,V (2617) France 2006}) 15... Ne4 16. a4 (16. Nb3 $14) 16... f5 (16... a5 $1 $15 17. b5 Qxc5 18. Qxc5 Nxc5) 17. Bd3 $11 Rf7 18. b5 Bd7 19. bxa6 bxa6 20. a5 f4 21. Bxe4 dxe4 22. exf4 Rxf4 23. Rae1 Rb8 24. Bc1 Rh4 25. Be3 Rh5 26. Bf4 ({Better is} 26. Qc4+ $16 Rd5 27. Ne2) 26... Re8 27. Bd6 $36 {[%mdl 2048] White has some pressure.} Qh4 {[#]} (27... Be5 $11 {keeps the balance.} 28. Bxe7 Bxh2+ 29. Kh1 Bg3+ 30. Bh4 Rxh4+ 31. Kg1 Bh2+ 32. Kh1 Bg3+ 33. Kg1 Bh2+ 34. Kh1 Bg3+) 28. Qc4+ $1 $16 Rd5 (28... Kh8 $16 {is a better defense.}) 29. Nc2 $18 Kh8 30. Ne3 Rd2 (30... Rh5 $142 31. Rb1 (31. Qxa6 Be5 $11) 31... Bf8) 31. Qf7 ({Weaker is} 31. Qxa6 Ra2 $18) (31. Rd1 $18 {and White stays clearly on top.} Rb2 32. Qxa6) 31... Qd8 $16 32. Rb1 Be6 33. Qf4 g5 {[#]} 34. Qxe4 (34. Qg3 $142 $1) 34... Ba2 35. Qxe8+ (35. Qb4 $14 Rd4 36. Qb7 Bxb1 37. Rxb1) 35... Qxe8 $11 36. Rb8 Qxb8 37. Bxb8 Rb2 38. Ba7 Bc3 39. Nd1 Rc2 40. Nxc3 Rxc3 {[%mdl 4096] Endgame KRB-KRB} 41. Re1 Kg7 42. f3 Kf7 43. Kf2 Rc2+ 44. Kg1 Bc4 45. Bb8 Re2 46. Rd1 Bd5 {The position is equal.} 47. Rb1 Ra2 48. Bc7 g4 49. Rb4 gxf3 50. gxf3 Kg6 51. Rg4+ Kf6 52. Rh4 Kg6 53. f4 Be6 54. Bd8 Bf5 55. Bg5 h5 56. Bd8 $1 {Precision: White = 44%, Black = 42%.} 1/2-1/2